Theories of the Firm

Gespeichert in:
Bibliographische Detailangaben
1. Verfasser: Kantarelis, Demetri
Format: Buch
Sprache:Englisch
Veröffentlicht: Geneve Inderscience Enterprises 2007
Ausgabe:2nd Edition
Schlagworte:
Tags: Tag hinzufügen
Keine Tags, Fügen Sie das erste Tag hinzu!

MARC

LEADER 00000nam a2200000 4500
001 0269009
005 20240226134342.0
022 |a 0-907776-34-5 
022 |a 0-907776-35-3 
041 0 |a eng 
044 |a CH 
245 1 0 |a Theories of the Firm  |c Demetri Kantarelis 
250 |a 2nd Edition 
264 1 |a Geneve  |b Inderscience Enterprises  |c 2007 
300 |a 314 s. 
610 2 0 |a podnik 
610 2 0 |a firmy 
610 2 0 |a teória firmy 
610 2 0 |a mikroekonomika 
610 2 0 |a modelovanie ekonometrické 
100 1 |a Kantarelis, Demetri